| 000 -LEADER |
| fixed length control field |
00996cam a22002657a 4500 |
| 003 - CONTROL NUMBER IDENTIFIER |
| control field |
OSt |
| 005 - DATE AND TIME OF LATEST TRANSACTION |
| control field |
20240517162456.0 |
| 008 - FIXED-LENGTH DATA ELEMENTS--GENERAL INFORMATION |
| fixed length control field |
130118s2012 enkabe b 001 0 eng d |
| 020 ## - INTERNATIONAL STANDARD BOOK NUMBER |
| International Standard Book Number |
9781443841375 (pbk.) |
| 082 04 - DEWEY DECIMAL CLASSIFICATION NUMBER |
| Classification number |
726.145 |
| Edition number |
23 |
| Item number |
BHA |
| 100 1# - MAIN ENTRY--PERSONAL NAME |
| Personal name |
Bharne, Vinayak. |
| 245 10 - TITLE STATEMENT |
| Title |
Rediscovering the Hindu temple : |
| Remainder of title |
the sacred architecture and urbanism of India / |
| Statement of responsibility, etc |
by Vinayak Bharne and Krupali Krusche. |
| 260 ## - PUBLICATION, DISTRIBUTION, ETC. (IMPRINT) |
| Place of publication, distribution, etc |
Newcastle upon Tyne, UK : |
| Name of publisher, distributor, etc |
Cambridge Scholars Pub., |
| Date of publication, distribution, etc |
2012. |
| 300 ## - PHYSICAL DESCRIPTION |
| Extent |
xix, 295 p. : |
| Other physical details |
ill., maps, plans ; |
| Dimensions |
30 cm. |
| 500 ## - GENERAL NOTE |
| General note |
"Foreword by Leon Krier" --Cover. |
| 504 ## - BIBLIOGRAPHY, ETC. NOTE |
| Bibliography, etc |
Includes bibliographical references (287-291) and index. |
| 650 #0 - SUBJECT ADDED ENTRY--TOPICAL TERM |
| Topical term or geographic name as entry element |
Hindu temples |
| Geographic subdivision |
India. |
| 650 #0 - SUBJECT ADDED ENTRY--TOPICAL TERM |
| Topical term or geographic name as entry element |
City and town life |
| Geographic subdivision |
India. |
| 650 #0 - SUBJECT ADDED ENTRY--TOPICAL TERM |
| Topical term or geographic name as entry element |
City and town life |
| General subdivision |
Religious aspects. |
| 700 1# - ADDED ENTRY--PERSONAL NAME |
| Personal name |
Krusche, Krupail. |
| 700 1# - ADDED ENTRY--PERSONAL NAME |
| Personal name |
Krier, Leon. |
| 906 ## - LOCAL DATA ELEMENT F, LDF (RLIN) |
| a |
7 |
| b |
cbc |
| c |
copycat |
| d |
3 |
| e |
ncip |
| f |
20 |
| g |
y-gencatlg |
| 942 ## - ADDED ENTRY ELEMENTS (KOHA) |
| Source of classification or shelving scheme |
|
| 955 ## - COPY-LEVEL INFORMATION (RLIN) |
| Book number/undivided call number, CCAL (RLIN) |
hf07 2013-03-20 z-processor |
| Copy status, CST (RLIN) |
hf07 2013-03-21 to BCCD |